000 00694nam a2200277Ia 4500
003 OSt
005 20220912152446.0
006 a|||||r|||| 00| 0
007 ta
008 220909b |||||||| |||| 00| 0 eng d
024 _a46373
037 _cTextual
040 _aCSL
_beng
_cCSL
041 _aeng
082 _aE33:5, H8;K4;1
100 _aShriner R L
245 0 _aSystematic identification of organic compounds
250 _a5
260 _c1964
300 _ap.
_ccm.
650 _aAnalytic Chemistry
700 _a Curtin D Y
700 _a Fuson R C
942 _hE33:5, H8;K4;1
_cTEXL
_2CC
999 _c86486
_d86486